Sobre o teorema de Poincaré-Birkhoff-Witt

Uloženo v:
Podrobná bibliografie
Hlavní autor: Costa, Roberto Celso Fabricio (Autor)
Médium: Kniha
Jazyk:portugalština
Vydáno: Sao Paulo s.n 1976
Témata:
Tagy: Přidat tag
Žádné tagy, Buďte první, kdo vytvoří štítek k tomuto záznamu!

MARC

LEADER 00000nam a2200000 a 4500
001 UCQ8958
003 CL-VaPUC
005 20230629112446.0
008 981217e19760000bl 1 por d
082 0 4 |a 512.55  |b COS  |2 21 
100 1 |a Costa, Roberto Celso Fabricio  |e author  |9 619214 
245 1 0 |a Sobre o teorema de Poincaré-Birkhoff-Witt 
260 |a Sao Paulo  |b s.n  |c 1976 
300 |a 125 p 
583 |a last modification  |c 20180103 05:38:04  |k Rodrigo Vera 
650 0 0 |a Álgebra de Lie  |9 271226 
650 0 0 |a Álgebra asociativa  |9 424651 
650 0 0 |a Módulos   |9 356144 
942 |c BK 
945 |a crobeson  |d 19981217 00:00:00 
546 |a En Portugués 
536 |a Sociedade Brasileira de Matemática 
518 |p Escola de Algebra, 4, Sao Paulo, 12 al 13 de julio de 1976 
999 |c 383304  |d 383302 
952 |0 0  |1 0  |4 0  |6 512_550000000000000_COS_1976  |7 0  |8 A  |9 505385  |a BIBMAT  |b BIBMAT  |d 2020-01-23  |i 1310410  |o 512.55 COS 1976  |p 1310410  |r 2025-01-07  |w 2020-01-23  |y BK  |k MAT